00778nab a2200181 i 4500001000400000003000400004005001700008008003900025040000800064080001100072100017100083245006200254260001000316500002100326520016600347650001400513773006900527BPPBPK20160311090458.0140618s1974 pl f |000 0  cBPK a628.16 aPERZYŃSKI, Zbigniew.d1970 - 1987.bWyższa Szkoła Inżynierska w Koszalinie - Instytut Budownictwa,cZakład Budownictwa Ogólnego, Rolniczego i Przemysłowego aMorskie upusty denne ścieków /cZbigniew Perzyński. c1974. aDane z autopsji. aW artykule omówiono technologię projektowania i wykonywania upustów dennych w związku z odprowadzeniem ścieków komunalnych i przemysłowych do morza. 0aŚcieki. iW :tKoszalińskie Studia i Materiały. -g1974, nr 1, s. 67-73